|
|
|
|
| LEADER |
00000cam a2200000 7i4500 |
| 001 |
0000027309 |
| 005 |
20090828.0 |
| 008 |
090826 |
| 020 |
|
|
|a 0071408673
|
| 090 |
0 |
0 |
|a 658.575
|b ULW
|
| 100 |
1 |
|
|a Ulwick, Anthony W., 1957-
|
| 245 |
1 |
0 |
|a What customers want :
|b using outcome-driven innovation to create breakthrough products and services
|c by Anthony Ulwick W.
|
| 260 |
|
|
|a New York :
|b McGraw Hill ,
|c 2005
|
| 300 |
|
|
|a xi, 202p. :
|b ill ;
|c 22cm.
|
| 500 |
|
|
|a Includes index
|
| 650 |
|
0 |
|a New product
|x Planning
|
| 650 |
|
0 |
|a Product management
|
| 650 |
|
0 |
|a Strategic planning
|
| 999 |
|
|
|a 0001060207
|b Book
|c Adult Collection
|e Perbadanan Perpustakaan Awam Johor
|